Flags by Letter - C - Statistics

General Stats
  • This quiz has been taken 374 times
  • The average score is 14 of 15
Answer Stats
Picture Answer % Correct
Canada
100%
China
100%
Croatia
98%
Colombia
97%
Cyprus
97%
Chile
96%
Cuba
95%
Czech Republic
95%
Cambodia
94%
Cameroon
91%
Chad
91%
Comoros
84%
Costa Rica
84%
Central African Republic
77%
Cape Verde
76%
No matching quizzes found
Score Distribution
Percent of People with Each Score
Percentile by Number Answered
Your Score History
You have not taken this quiz